[Event "Yerevan (ol)"]
[Site "?"]
[Date "1996.??.??"]
[Round "?"]
[White "Kasparov, Garry"]
[Black "Akopian, Vl"]
[Result "1/2-1/2"]
[WhiteElo "2785"]
[BlackElo "2630"]
[PlyCount "53"]
[EventDate "1996.??.??"]
[Source "ChessBase"]
[SourceDate "1996.06.01"]

1. d4 d5 2. c4 c6 3. Nc3 Nf6 4. e3 e6 5. Nf3 Nbd7 6. Bd3 dxc4 7. Bxc4 b5 8. Bd3 Bb7 9. O-O a6 10. e4 c5 11. d5 c4 12. dxe6 fxe6 13. Bc2 Qc7 14. Nd4 Nc5 15. Qe2 Bd6 16. f4 e5 17. Nf5 O-O 18. Nxd6 Qxd6 19. fxe5 Qxe5 20. Rf5 Qc7 21. Bg5 Nfxe4 22. Rxf8+ Rxf8 23. Nxe4 Qe5 24. Nf6+ gxf6 25. Bxh7+ Kxh7 26. Qh5+ Kg8 27. Qg6+ 1/2-1/2

[Event "Horgen"]
[Site "?"]
[Date "1994.??.??"]
[Round "?"]
[White "Nikolic, P."]
[Black "Shirov, A."]
[Result "0-1"]
[WhiteElo "2655"]
[BlackElo "2740"]
[PlyCount "88"]
[EventDate "1994.??.??"]
[Source "ChessBase"]
[SourceDate "1994.06.01"]

1. d4 d5 2. c4 c6 3. Nc3 Nf6 4. e3 e6 5. Nf3 Nbd7 6. Bd3 dxc4 7. Bxc4 b5 8. Bd3 Bb7 9. O-O a6 10. e4 c5 11. d5 Qc7 12. dxe6 fxe6 13. Bc2 c4 14. Ng5 Nc5 15. e5 Qxe5 16. Re1 Qd6 17. Qxd6 Bxd6 18. Be3 O-O 19. Rad1 Be7 20. Bxc5 Bxc5 21. Nxe6 Rfc8 22. h3 Rab8 23. g4 Bf3 24. Rd2 b4 25. Na4 Ba7 26. g5 Nd5 27. g6 h6 28. Nd4 c3 29. bxc3 bxc3 30. Rd3 Nb4 31. Rxf3 Bxd4 32. Bf5 Rc7 33. a3 Nc6 34. Rf4 Be5 35. Rfe4 c2 36. Kg2 Rb1 37. Rf4 Rxe1 38. Be6+ Rf7 39. gxf7+ Kf8 40. Nc5 Nb8 41. Rb4 c1=Q 42. Rxb8+ Bxb8 43. Nd7+ Ke7 44. f8=Q+ Kxe6 0-1

[Event "Sarajevo 84/368"]
[Site "?"]
[Date "2002.??.??"]
[Round "?"]
[White "Shirov, A."]
[Black "Dreev, A."]
[Result "1-0"]
[WhiteElo "2704"]
[BlackElo "2677"]
[PlyCount "77"]
[EventDate "2002.??.??"]
[Source "Chess Informant"]
[SourceDate "2002.02.01"]

1. d4 d5 2. c4 c6 3. Nc3 Nf6 4. e3 e6 5. Nf3 Nbd7 6. Bd3 dxc4 7. Bxc4 b5 8. Bd3 Bb7 9. O-O a6 10. e4 c5 11. d5 Qc7 12. dxe6 fxe6 13. Bc2 Bd6 14. Ng5 Nf8 15. f4 O-O-O 16. Qe1 e5 17. Nd5 Bxd5 18. exd5 exf4 19. a4 b4 20. Qe2 c4 21. b3 h6 22. Ne6 Nxe6 23. dxe6 Nd5 24. bxc4 Nc3 25. Qf3 Qb7 26. Qh3 Kb8 27. Kh1 Qc7 28. Bb2 Be5 29. Rae1 Bf6 30. Bg6 Qxc4 31. Qf3 Be7 32. Rc1 Rc8 33. Bxc3 bxc3 34. Rb1+ Bb4 35. Rxb4+ Qxb4 36. Rb1 Qxb1+ 37. Bxb1 g5 38. h4 Rc5 39. Qd3 1-0

[Event "Biel"]
[Site "?"]
[Date "1995.??.??"]
[Round "?"]
[White "Gelfand, B."]
[Black "Shirov, A."]
[Result "1/2-1/2"]
[WhiteElo "2685"]
[BlackElo "2695"]
[PlyCount "53"]
[EventDate "1995.??.??"]
[Source "ChessBase"]
[SourceDate "1995.06.01"]

1. d4 Nf6 2. c4 c6 3. Nc3 d5 4. e3 e6 5. Nf3 Nbd7 6. Bd3 dxc4 7. Bxc4 b5 8. Bd3 a6 9. e4 c5 10. d5 c4 11. dxe6 fxe6 12. Bc2 Qc7 13. O-O Bb7 14. Ng5 Nc5 15. e5 Qxe5 16. Re1 Qd6 17. Qxd6 Bxd6 18. Be3 O-O 19. Rad1 Be7 20. Bxc5 Bxc5 21. Nxe6 Rfc8 22. h3 Rab8 23. Nxc5 Rxc5 24. Rd6 b4 25. Na4 Rd5 26. Rb6 Rb5 27. Rxb5 1/2-1/2

[Event "NED-ch op 5'"]
[Site "?"]
[Date "2002.02.15"]
[Round "?"]
[White "Sokolov Ivan"]
[Black "Piket Jeroen"]
[Result "1-0"]
[WhiteElo "2655"]
[BlackElo "2655"]
[PlyCount "65"]
[EventDate "2002.??.??"]
[Source "www.chesslib.no"]
[SourceDate "2004.05.04"]

1. d4 d5 2. c4 c6 3. Nf3 Nf6 4. Nc3 e6 5. e3 Nbd7 6. Bd3 dxc4 7. Bxc4 b5 8. Bd3 a6 9. O-O c5 10. a4 b4 11. Ne4 Bb7 12. Nxf6+ gxf6 13. e4 cxd4 14. Nxd4 Ne5 15. Be2 Bxe4 16. Be3 Bd6 17. f3 Bb7 18. Qd2 h5 19. Rad1 Bc5 20. Kh1 Qe7 21. f4 Rg8 22. Rf2 Ng4 23. Bxg4 hxg4 24. Re2 Rd8 25. Qe1 Bxd4 26. Rxd4 Rxd4 27. Bxd4 f5 28. Rc2 f6 29. Qh4 e5 30. Bc5 Qd7 31. Qh5+ Kd8 32. Bb6+ Ke7 33. Qh7+ 1-0

[Event "Luzern 71/471"]
[Site "?"]
[Date "1997.??.??"]
[Round "?"]
[White "Sadler, Matthew"]
[Black "Dreev, Alexey"]
[Result "1-0"]
[WhiteElo "2665"]
[BlackElo "2640"]
[PlyCount "123"]
[EventDate "1997.??.??"]
[Source "ChessBase"]
[SourceDate "1997.10.01"]

1. d4 d5 2. c4 c6 3. Nf3 Nf6 4. Nc3 e6 5. e3 Nbd7 6. Bd3 dxc4 7. Bxc4 b5 8. Bd3 Bb7 9. O-O a6 10. e4 c5 11. d5 Qc7 12. dxe6 fxe6 13. Bc2 O-O-O 14. Ng5 Ne5 15. Qe2 Re8 16. f4 Nc6 17. Nf3 g5 18. e5 g4 19. exf6 gxf3 20. Qxf3 Nd4 21. Qh5 Be7 22. f7 Rd8 23. Be4 b4 24. Bxb7+ Kxb7 25. Ne2 Bf6 26. f5 exf5 27. Nxd4 Bxd4+ 28. Kh1 Rhf8 29. Rxf5 Rd7 30. Bf4 Rdxf7 31. Bxc7 Rxf5 32. Qe2 Kxc7 33. h3 Re5 34. Qxa6 Rf2 35. a3 b3 36. Qa5+ Kc6 37. Qa8+ Kc7 38. Qa5+ Kc6 39. Qa6+ Kc7 40. Qa7+ Kc8 41. Qxh7 Ree2 42. Qa7 Rxg2 43. Qa8+ Kc7 44. Qxg2 Rxg2 45. Kxg2 Kc6 46. Kf3 c4 47. Rb1 Bf6 48. Ke4 Kc5 49. h4 Bh8 50. h5 Bg7 51. Ke3 Kb5 52. Ke4 Kc5 53. Ke3 Kb5 54. Kd2 Bh6+ 55. Kd1 Bg7 56. a4+ Ka5 57. Kd2 Kb4 58. a5 Bh6+ 59. Kd1 Kxa5 60. Ra1+ Kb4 61. Ra6 Be3 62. Re6 1-0

[Event "Yerevan (ol)"]
[Site "?"]
[Date "1996.??.??"]
[Round "?"]
[White "Azmaiparashvili, Z."]
[Black "Akopian, Vl"]
[Result "1/2-1/2"]
[WhiteElo "2670"]
[BlackElo "2630"]
[PlyCount "89"]
[EventDate "1996.??.??"]
[Source "ChessBase"]
[SourceDate "1996.06.01"]

1. d4 d5 2. c4 c6 3. Nc3 Nf6 4. e3 e6 5. Nf3 Nbd7 6. Bd3 dxc4 7. Bxc4 b5 8. Bd3 Bb7 9. O-O a6 10. e4 c5 11. d5 c4 12. Bc2 Qc7 13. dxe6 fxe6 14. Ng5 Nc5 15. e5 Qxe5 16. Re1 Qd6 17. Qxd6 Bxd6 18. Be3 O-O 19. Rad1 Be7 20. Bxc5 Bxc5 21. Nxe6 Rfc8 22. h3 Rab8 23. a3 Bb6 24. Rd6 Ba5 25. Re3 b4 26. axb4 Bxb4 27. Rd4 Re8 28. Rxc4 Bxc3 29. Rcxc3 Nd5 30. Bb3 Nxe3 31. Nc7+ Nd5 32. Nxe8 Rxe8 33. Rc7 Ba8 34. Rd7 Rb8 35. Bxd5+ Bxd5 36. Rxd5 Rxb2 37. Rd8+ Kf7 38. Rd7+ Kg8 39. Ra7 Rb6 40. Kh2 Rf6 41. f3 h6 42. Kg3 Kh7 43. f4 Kg6 44. Kf3 Rb6 45. g4 1/2-1/2

[Event "Hastings"]
[Site "?"]
[Date "1991.??.??"]
[Round "?"]
[White "Bareev, E."]
[Black "Shirov, A."]
[Result "0-1"]
[WhiteElo "2680"]
[BlackElo "2610"]
[PlyCount "90"]
[EventDate "1991.??.??"]
[Source "ChessBase"]
[SourceDate "1991.10.01"]

1. d4 d5 2. c4 c6 3. Nc3 Nf6 4. Nf3 e6 5. e3 Nbd7 6. Bd3 dxc4 7. Bxc4 b5 8. Bd3 Bb7 9. O-O a6 10. e4 c5 11. d5 Qc7 12. dxe6 fxe6 13. Qe2 c4 14. Bc2 Bd6 15. Ng5 Nc5 16. f4 h6 17. Nf3 Nd3 18. Bxd3 cxd3 19. Qxd3 O-O 20. Kh1 Rad8 21. Nd4 Bc5 22. Be3 Ng4 23. Nce2 Nxe3 24. Qxe3 Rxd4 25. Nxd4 Qb6 26. Rad1 Rd8 27. f5 Rxd4 28. Rxd4 Bxd4 29. Qb3 Bxe4 30. Qxe6+ Qxe6 31. fxe6 Bf6 32. Re1 Bg6 33. Rc1 Kf8 34. b4 Be4 35. Rc8+ Ke7 36. Rc7+ Kxe6 37. Ra7 Bc2 38. Rxa6+ Kd5 39. Ra7 Be5 40. Ra8 Bc3 41. Rc8 Kd4 42. Rc7 Kd3 43. h4 Ba4 44. g4 Bf6 45. h5 Ke4 0-1

[Event "FRA-chT 9900"]
[Site "France"]
[Date "2000.04.30"]
[Round "10.1"]
[White "Piket, Jeroen"]
[Black "Khenkin, Igor"]
[Result "1/2-1/2"]
[WhiteElo "2642"]
[BlackElo "2622"]
[PlyCount "33"]
[EventDate "2000.02.04"]
[Source "www.chesslib.no"]
[SourceDate "2004.05.04"]

1. d4 d5 2. c4 c6 3. Nf3 Nf6 4. Nc3 e6 5. e3 Nbd7 6. Bd3 dxc4 7. Bxc4 b5 8. Bd3 Bb7 9. O-O a6 10. e4 c5 11. d5 Qc7 12. dxe6 fxe6 13. Bc2 Bd6 14. Ng5 Nf8 15. f4 h6 16. e5 O-O-O 17. Nf7 1/2-1/2

[Event "Tallinn"]
[Site "?"]
[Date "1997.??.??"]
[Round "?"]
[White "Ehlvest, J."]
[Black "Oll, L."]
[Result "1/2-1/2"]
[WhiteElo "2635"]
[BlackElo "2625"]
[PlyCount "77"]
[EventDate "1997.??.??"]
[Source "ChessBase"]
[SourceDate "1997.02.01"]

1. d4 d5 2. c4 c6 3. Nc3 Nf6 4. e3 e6 5. Nf3 Nbd7 6. Bd3 dxc4 7. Bxc4 b5 8. Bd3 Bb7 9. O-O a6 10. e4 c5 11. d5 c4 12. Bc2 Qc7 13. dxe6 fxe6 14. Ng5 Nc5 15. e5 Qxe5 16. Re1 Qd6 17. Qxd6 Bxd6 18. Be3 O-O 19. Rad1 Be7 20. Bxc5 Bxc5 21. Nxe6 Rfc8 22. h3 Rab8 23. a3 Bb6 24. Rd6 Rc6 25. Rxc6 Bxc6 26. Nxg7 Bxg2 27. Kxg2 Kxg7 28. Re7+ Kf8 29. Re6 Kf7 30. Rc6 Nd7 31. f4 Bd4 32. Rd6 Bxc3 33. bxc3 Nc5 34. Kf3 Rc8 35. Bxh7 Na4 36. Rxa6 Nxc3 37. h4 Nd5 38. Bf5 Rc5 39. h5 1/2-1/2

[Event "Tilburg"]
[Site "?"]
[Date "1993.??.??"]
[Round "?"]
[White "Gelfand, B."]
[Black "Dreev, A."]
[Result "0-1"]
[WhiteElo "2670"]
[BlackElo "2570"]
[PlyCount "88"]
[EventDate "1993.??.??"]
[Source "ChessBase"]
[SourceDate "1993.10.01"]

1. d4 d5 2. c4 c6 3. Nf3 Nf6 4. Nc3 e6 5. e3 Nbd7 6. Bd3 dxc4 7. Bxc4 b5 8. Bd3 Bb7 9. O-O a6 10. e4 c5 11. d5 c4 12. Bc2 Qc7 13. Nd4 e5 14. Nf5 g6 15. Nh6 Nh5 16. Qf3 Nf4 17. Nxf7 Kxf7 18. g3 g5 19. gxf4 gxf4 20. Qh5+ Ke7 21. Qh4+ Kf7 22. Bd1 Rg8+ 23. Kh1 Nf6 24. Bh5+ Rg6 25. Bxg6+ hxg6 26. Rg1 Be7 27. Qh6 Rg8 28. f3 b4 29. Ne2 Nxd5 30. exd5 Bxd5 31. Rf1 Bf6 32. Qh7+ Rg7 33. Qh3 Be6 34. Qg2 g5 35. a3 g4 36. axb4 Bd5 37. Nc3 gxf3 38. Qf2 Bb7 39. Ra5 Qd7 40. Nd5 Bxd5 41. Qd2 Bc6 42. Qxd7+ Bxd7 43. Rxa6 Bh3 44. Rf2 Bh4 0-1

[Event "Slovenija"]
[Site "?"]
[Date "1995.??.??"]
[Round "?"]
[White "Kozul, Z."]
[Black "Beliavsky, A."]
[Result "1/2-1/2"]
[WhiteElo "2580"]
[BlackElo "2650"]
[PlyCount "85"]
[EventDate "1995.??.??"]
[Source "ChessBase"]
[SourceDate "1995.06.01"]

1. d4 Nf6 2. c4 c6 3. Nc3 d5 4. e3 e6 5. Nf3 Nbd7 6. Bd3 dxc4 7. Bxc4 b5 8. Bd3 a6 9. e4 c5 10. d5 Qc7 11. b3 Bb7 12. O-O Be7 13. Bg5 O-O 14. Rc1 Rad8 15. Bxb5 exd5 16. Bd3 dxe4 17. Nxe4 Bxe4 18. Bxe4 Ne5 19. Qe2 Nxe4 20. Bxe7 Nxf3+ 21. gxf3 Qxe7 22. Qxe4 Qg5+ 23. Qg4 Qd2 24. Rxc5 Qxa2 25. Qa4 Qe2 26. Qe4 Qd2 27. Ra1 Rfe8 28. Re5 Rxe5 29. Qxe5 Qd3 30. Qe4 Qb5 31. Qa4 Qg5+ 32. Qg4 Qf6 33. Rc1 h5 34. Qxh5 g6 35. Qg4 Rd4 36. Qc8+ Kh7 37. Qh3+ Kg7 38. Rc8 Qg5+ 39. Qg3 Qf5 40. Re8 Rf4 41. Kg2 g5 42. Re3 Kg6 43. Re8 1/2-1/2